书目信息 |
| 题名: |
美国电影经典
|
|
| 作者: | 陈旭光 , 苏涛 著 | |
| 分册: | ||
| 出版信息: | 北京 对外经济贸易大学出版社 2005 |
|
| 页数: | 20,387页 | |
| 开本: | 23cm | |
| 丛书名: | 电影经典:文化形象与心灵历史丛书 | |
| 单 册: | ||
| 中图分类: | J905.712 | |
| 科图分类: | ||
| 主题词: | 电影史--美国--现代 , 电影史 | |
| 电子资源: | ||
| ISBN: | 7-81078-572-9 | |
| 000 | 00942oam2 2200265 450 | |
| 001 | 003052926 | |
| 005 | 20061118090855.12 | |
| 010 | @a7-81078-572-9@dCNY46.00 | |
| 100 | @a20060104d2005 em y0chiy0110 ea | |
| 101 | 0 | @achi |
| 102 | @aCN@b110000 | |
| 105 | @aa z 000yy | |
| 200 | 1 | @a美国电影经典@9mei guo dian ying jing dian@f陈旭光,苏涛等著 |
| 210 | @a北京@c对外经济贸易大学出版社@d2005 | |
| 215 | @a20,387页@c图@d23cm | |
| 225 | 2 | @a电影经典:文化形象与心灵历史丛书 |
| 330 | @a本书以年代为序,选入美国电影史上各个时期的重要作品,同时考虑美国电影类型性较强等特点,选取了重要类型片种的代表性作品,对美国电影作了一个粗略、大致的梳理。 | |
| 461 | 0 | @12001 @a电影经典:文化形象与心灵历史丛书 |
| 606 | 0 | @a电影史@y美国@z现代 |
| 606 | 0 | @a电影史 |
| 690 | @aJ905.712@v4 | |
| 701 | 0 | @a陈旭光@9chen xu guang@f(1965.10~)@4著 |
| 701 | 0 | @a苏涛@9su tao@c(电影研究)@4著 |
| 801 | 0 | @aCN@bNLC@c20061118 |
| 905 | @a10447@dJ905.712@e156 | |
| 美国电影经典/陈旭光,苏涛等著.-北京:对外经济贸易大学出版社,2005 |
| 20,387页:图;23cm.-(电影经典:文化形象与心灵历史丛书) |
| ISBN 7-81078-572-9:CNY46.00 |
| 本书以年代为序,选入美国电影史上各个时期的重要作品,同时考虑美国电影类型性较强等特点,选取了重要类型片种的代表性作品,对美国电影作了一个粗略、大致的梳理。 |
| ● |
| 相关链接 |
|
|
|
|
正题名:美国电影经典
索取号:J905.712/156
 
预约/预借
| 序号 | 登录号 | 条形码 | 馆藏地/架位号 | 状态 | 备注 |
| 1 | 0389413 | 203894134 | 第一样本阅览室/ [索取号:J905.712/156] | 在馆 | |
| 2 | 0389414 | 203894143 | 第一借阅区/ [索取号:J905.712/156] | 在馆 | |
| 3 | 0389415 | 203894152 | 第一借阅区/ [索取号:J905.712/156] | 在馆 | |
| 4 | 0389416 | 203894161 | 第一借阅区/ [索取号:J905.712/156] | 在馆 | |
| 5 | 0389417 | 203894170 | 第一借阅区/ [索取号:J905.712/156] | 在馆 |